"AIESA - budovanie spoločnosti založenej na vedomostiach" zborník abstraktov z 20. medzinárodnej vedeckej konferencie, 24. – 25. november 2022, Bratislava

Gespeichert in:
Bibliographische Detailangaben
Körperschaften: AIESA – budovanie spoločnosti založenej na vedomostiach. Medzinárodná vedecká konferencia, Slovenská spoločnosť pre hospodársku informatiku
Weitere Verfasser: Čerteková, Eva
Format: Buch
Sprache:Slowakisch
Englisch
Veröffentlicht: Bratislava Letra Edu 2022
Ausgabe:1. vydanie
Schlagworte:
Tags: Tag hinzufügen
Keine Tags, Fügen Sie das erste Tag hinzu!

MARC

LEADER 00000nlm a2200000 4500
001 0289146
005 20231108114421.0
020 |a 978-80-974443-0-3 
020 |a 978-80-974443-1-0 
041 0 |a slo 
041 0 |a eng 
044 |a SK 
245 1 0 |a "AIESA - budovanie spoločnosti založenej na vedomostiach"  |b zborník abstraktov z 20. medzinárodnej vedeckej konferencie, 24. – 25. november 2022, Bratislava  |c zostavovateľ zborníka / editor: Eva Čerteková 
250 |a 1. vydanie 
264 1 |a Bratislava  |b Letra Edu  |c 2022 
300 |a 28 s. 
610 2 0 |a informatika aplikovaná 
610 2 0 |a ekonometria 
610 2 0 |a štatistika aplikovaná 
610 2 0 |a účtovníctvo 
610 2 0 |a spoločnosť vedomostná 
610 2 0 |a modelovanie ekonometrické 
610 2 0 |a softvér 
700 1 |a Čerteková, Eva 
110 2 |a AIESA – budovanie spoločnosti založenej na vedomostiach. Medzinárodná vedecká konferencia 
710 2 |a Slovenská spoločnosť pre hospodársku informatiku